00381 2200157 4500001002100000008004100021035002000062245002800082100001800110250000600128260004100134084001400175082000800189650001400197990001200211INLIS000000000001508 ind  a0010-0125000006 aInternetcM. Yudhistira aM. Yudhistira a1 aSurabaya :bBintang Usaha Jayac2002 a600 YUD i a600 aNon Fiksi a0714925